Sports Quiz

Random Sports Quiz
Score 0/29 Timer 07:00
0 Plays Today
Голы Игрок % Correct
16 головМирослав Клозе
100%
15 головРоналдо
100%
14 головГерд Мюллер
92.3%
12 головПеле
92.3%
10 головТомас Мюллер
92.3%
8 головДиего Марадона
86.3%
8 головРивалдо
78.4%
9 головЭйсебио
72.5%
9 головДавид Вилья
70.6%
9 головРоберто Баджо
68.6%
9 головПаоло Росси
66.7%
10 головГабриэль Батистута
61.5%
10 головГари Линекер
57.7%
13 головЖюст Фонтен
53.8%
11 головЮрген Клинсман
53.8%
Голы Игрок % Correct
10 головГжегож Лято
46.2%
9 головКарл-Хайнц Румменигге
41.2%
9 головКристиан Вьери
41.2%
9 головВава
41.2%
11 головШандор Кочиш
40.4%
10 головТеофило Кубильяс
40.4%
9 головЖаирзиньо
29.4%
8 головРуди Фёллер
29.4%
8 головЛеонидас
21.6%
10 головХельмут Ран
21.2%
9 головУве Зеелер
17.6%
8 головГильермо Стабиле
15.7%
8 головАдемир
13.7%
8 головОскар Мигес
3.9%
Remove Ads.
Support Sporcle.
Get the best of Sporcle when you Go Orange. This ad-free experience offers more features, more stats, and more fun while also helping to support Sporcle. Thank you for becoming a member.

You're not logged in!

Compare scores with friends on all Sporcle quizzes.
OR
Log In

Sporcle TV

Today on Sporcle TV


Watch our educational content, quiz creation guides, and fun videos on Sporcle TV.

Show Comments

Extras

Created May 9, 2020ReportNominate

Top Quizzes Today


Score Distribution

Paid Content

Your Account Isn't Verified!

In order to create a playlist on Sporcle, you need to verify the email address you used during registration. Go to your Sporcle Settings to finish the process.

Report this User

Report this user for behavior that violates our Community Guidelines.

Details: